000
00301nam a2200121Ia 4500
008
190216s9999||||xx |||||||||||||| ||und||
100
_a
Samuel Glasstone
245
0
_a
Text Book Of Physical Chemistry
260
_b
Tata Mcgrawhill Publishers
_c
1978
300
_a
757
650
_a
Chemistry
942
_c
BK
999
_c
2537
_d
2537